Statistiques concernant Canadian Prime Ministers

Cliquez ici pour prendre le quiz!

Statistiques générales

  • Ce quiz a été pris 24 fois
  • Le résultat moyen est 15 sur 28

Statistiques - réponses

HintRéponse% Correct
2015Justin Trudeau
93%
1993Jean Chrétien
87%
1980Pierre Elliott Trudeau
87%
1968Pierre Eliott Trudeau
80%
2006Stephen Harper
80%
1867Sir John A. MacDonald
73%
1878Sir John A. MacDonald
73%
1984Brian Mulroney
67%
1993Kim Campbell
67%
2003Paul Martin
67%
1896Sir Wilfrid Laurier
67%
1911Sir Robert Borden
60%
1984John Napier Turner
53%
1935William Lyon Mackenzie King
53%
1921William Lyon Mackenzie King
53%
1926William Lyon Mackenzie King
53%
1957John George Diefenbaker
47%
1979Joseph Clark
47%
1963Lester B. Pearson
47%
1873Alexander Mackenzie
33%
1948Louis St. Laurent
33%
1896Sir Charles Tupper
33%
1926Arthur Meighen
20%
1920Arthur Meighen
20%
1930Richard B. Bennett
20%
1894Sir Mackenzie Bowell
20%
1891Sir John Abott
13%
1892Sir John Thompson
13%

Distribution des résultats

Percentile par nombre de réponses

% des personnes avec chaque résultat

Votre développement - résultats

Vous n’avez pas pris ce quiz